000 00542nam a2200157 4500
008 708 M612w
020 _a9781879128422
082 _a708
_bM612w
100 _aMeyenberg, Erick
_96899
245 _aThe wheel bears no resemblance to a leg
260 _aEstados Unidos
_bAmericas Society
_c2017
300 _a167 p.
_bill (col)
_c24 x 18 cm
505 _rDeborah Cullinam and Susan Segal
_tForeword
650 _xarte contemporáneo
_9977
700 _aMarta, Karen (edición); Rangel, Gabriela (edición); Sanromán, Lucía (edición)
_96900
999 _c1723
_d1723